Statistiques concernant Géographie par lettre - O

Cliquez ici pour prendre le quiz!

Statistiques générales

  • Ce quiz a été pris 20 778 fois
  • Le résultat moyen est 13 sur 20

Statistiques - réponses

allusionréponse% Correct
Capitale du CanadaOttawa
98%
Capitale de la NorvègeOslo
97%
Plus ancienne université en AngleterreOxford
93%
Ile de fertilité dans un désertoasis
88%
Le voisin du YémenOman
88%
Célèbre aéroport françaisOrly
88%
Montagne où habitent les dieux grecsOlympe
86%
Empire turc dissous après la
première guerre mondiale
ottoman
86%
Grand singe de Bornéo et SumatraOrang-outan
76%
Festival célèbre de MunichOktoberfest
68%
Etat américain sur la côte du PacifiqueOregon
67%
Capitale du département du LoiretOrléans
66%
2ème région métropolitaine du JaponOsaka
58%
Province la plus peuplée du CanadaOntario
54%
Le stade de Manchester UnitedOld Trafford
46%
3ème plus grande ville d'UkraineOdessa
33%
Les régions intérieure de l'AustralieOutback
22%
Honolulu est la principale ville
de cette île
Oahu
17%
La plus grande ville du NebraskaOmaha
17%
Le plus long fleuve d'Afrique du SudOrange
17%

Distribution des résultats

Percentile par nombre de réponses

% des personnes avec chaque résultat

Votre développement - résultats

Vous n’avez pas pris ce quiz